000 00645nam a22001937a 4500
005 20251108173722.0
008 250721s2007 xx 000 0 ara d
082 1 4 _a211.3/شكر
100 1 _aشكري، أحمد خالد
_eمؤلف
245 1 0 _aآداب أهل القرآن مع القرآن وأهله /
264 1 _aعمان :
_bأحمد خالد شكري،
_c2007.
300 _a71 ص.
490 0 _aجمعية المحافظة على القرآن الكريم
_v27
650 1 7 _aالقرآن الكريم
650 1 7 _aقرآاه القرآن
650 1 7 _aالآداب الاسلاميه
942 _2ddc
_cBK
999 _c110754
_d110754